Đang tải...

Nutrient dynamics in the EEZ of the west coast of India with special reference to the oxygen minimum zone and denitrification(Thesis)

Chi tiết về thư mục
Tác giả chính: Vijay, John Gerson
Định dạng: Ph.D Thesis
Ngôn ngữ:English
Được phát hành: Kochi Dept.of Marine Science - CUSAT 2005
Những chủ đề:
LEADER 00880nam a22001817a 4500
005 20151026125943.0
008 090807t xxu||||| |||| 00| 0 eng d
080 |a 551.46(267.37)   |b VIJ 
100 |a Vijay, John Gerson  |9 2081 
245 |a Nutrient dynamics in the EEZ of the west coast of India with special reference to the oxygen minimum zone and denitrification(Thesis) 
300 |a 100p. 
653 |a Oceanography  |a Water Chemistry  |a Guide : Nair K.K.C. 
942 |c TH  |6 _ 
260 |a Kochi  |b Dept.of Marine Science - CUSAT  |c 2005  |9 1552 
500 |a Thesis (Ph.D), CUSAT, 2005 Guide : Nair K.K.C. 
999 |c 990  |d 990 
952 |0 0  |1 0  |2 udc  |4 0  |6 5514626737_VIJ  |7 1  |9 2664  |a UL  |b UL  |c REF  |d 2009-08-07  |o 551.46(267.37) VIJ  |p G0008943  |r 2009-08-07  |w 2009-08-07  |y TH 
952 |0 0  |1 0  |2 udc  |4 0  |6 5514626737_VIJ1  |7 1  |9 2665  |a UL  |b UL  |c REF  |d 2011-11-30  |o 551.46(267.37) VIJ;1  |p T0000179  |r 2011-11-30  |w 2011-11-30  |y TH